Tiere mit genau 1x H - Statistiken

Allgemein
  • Dieses Quiz wurde 173 mal gespielt
  • Das Durchschnittsergebnis liegt bei 14 aus 16
Answers on the Grid
Answers color-coded by a green-red scale on the quiz's grid according to % correct below.
Gepard
Hund
Elefant
Ochse
Dackel
Wellensittich
Nilpferd
Lachsforelle
Meerschweinchen
Habicht
Kuh
Hirsch
Silberfischchen
Zauneidechse
Bücherlaus
Stirnlappenbasilisk
Zebramuschel
Silberdachs
Jakobsmuschel
Eichhörnchen
Wühlmaus
Schleswiger
Chihuahua
Hausratte
Huhn
Rotkehlchen
Seepferdchen
Saiga-Antilope
Schirmqualle
Schwein
 
Antwortstatistiken
Antwort % Korrekt
Hund
92%
Lachsforelle
91%
Ochse
91%
Seepferdchen
91%
Bücherlaus
90%
Hausratte
90%
Kuh
90%
Zauneidechse
90%
Wellensittich
89%
Jakobsmuschel
88%
Silberdachs
88%
Schwein
87%
Wühlmaus
87%
Schleswiger
85%
Zebramuschel
85%
Schirmqualle
82%
Keine übereinstimmenden Quizze gefunden
Verteilung der Resultate
Anzahl Personen mit jedem Resultat
Perzentil nach korrekt beantworteten Fragen
Ihre Resultats-Entwicklung
Sie haben dieses Quiz noch nicht gespielt